| Поле | Инд. | ПП | Название | Значение |
|---|---|---|---|---|
| Тип записи | a | |||
| Библиографический уровень | b | |||
| 001 | Контрольный номер | RU/IS/BASE/288974765 | ||
| 005 | Дата корректировки | 20200528185502.3 | ||
| 008 | Кодируемые данные | 20090226 | ||
| 040 | b | Код языка каталог. | rus | |
| e | Правила каталог. | PSBO | ||
| 041 | 0_ | a | Код языка текста | rus |
| 084 | a | Индекс другой классификации/Индекс ББК | 60.561.23; 60.050.11 | |
| 100 | 1_ | a | Автор | Верховин В. И. |
| q | Полное имя | Верховин Владимир Исаакович | ||
| 100 | 1_ | a | Автор | Баяндурян Г. Л. |
| q | Полное имя | Баяндурян Галина Левоновна | ||
| 245 | 10 | a | Заглавие | Основные механизмы и практика реализации политики занятости в социальных государствах |
| 504 | a | Библиография | Библиогр. ссылки | |
| 650 | 14 | a | Основная рубрика | социология |
| a | Основная рубрика | социология труда | ||
| a | Основная рубрика | управление экономикой | ||
| a | Основная рубрика | экономика | ||
| a | Основная рубрика | экономическая социология | ||
| 653 | a | Ключевые слова | безработные | |
| a | Ключевые слова | Германия | ||
| a | Ключевые слова | государственное регулирование | ||
| a | Ключевые слова | занятость | ||
| a | Ключевые слова | консервативное государство | ||
| a | Ключевые слова | либеральное государство | ||
| a | Ключевые слова | политика занятости | ||
| a | Ключевые слова | рыночная экономика | ||
| a | Ключевые слова | социал-демократическое государство | ||
| a | Ключевые слова | социальная защита | ||
| a | Ключевые слова | социальная политика | ||
| a | Ключевые слова | социальная экономика (социоэкономика) | ||
| a | Ключевые слова | социальное государство | ||
| a | Ключевые слова | социально-трудовые отношения | ||
| a | Ключевые слова | социально-экономическая политика | ||
| a | Ключевые слова | США | ||
| a | Ключевые слова | Швеция | ||
| 773 | 08 | t | Заглавие источника | Вестник Московского университета. Серия 18, Социология и политология |
| d | Дата издания источника | 2008 | ||
| g | Прочая информация | № 2. - С. 97 - 118 : табл. | ||
| w | Контрольный № источника | RU/IS/BASE/286474427 | ||
| 901 | t | Тип документа | b |